000
00318nam a22001337a 4500
008
170307b xxu||||| |||| 00| 0 eng d
020
_a
9780323014359
041
_a
eng
080
_2
5 ED
_a
611
100
_a
6
101
_a
SHM
245
_a
RADIIOGRAPHIC POSITIONING RELATED ANATOMY
_c
BONTRAGER.K.L
942
_2
udc
_c
BK
999
_c
6973
_d
6973